Mycology Plant Pathology & Lichenology/ (Record no. 199348)

MARC details
000 -LEADER
fixed length control field 00798nam a2200217 4500
005 - DATE AND TIME OF LATEST TRANSACTION
control field 20231130154953.0
010 ## - LCCN (DPL NO)
LC control number ENG-138504
020 ## - INTERNATIONAL STANDARD BOOK NUMBER
International Standard Book Number 9789382459354
Terms of availability 99.00
035 ## - SYSTEM CONTROL NUMBER
System control number EN-122036
037 ## - SOURCE OF ACQUISITION
Source of stock number/acquisition DBAD/PUB
082 ## - DEWEY DECIMAL CLASSIFICATION NUMBER
Classification number 581.2
Edition number 1
100 ## - MAIN ENTRY--PERSONAL NAME
Personal name Ragland, Annie
245 ## - TITLE STATEMENT
Title Mycology Plant Pathology & Lichenology/
Statement of responsibility, etc By Annie Ragland; V. Kumaresan and N.Arumugam
250 ## - EDITION STATEMENT
Edition statement 1
260 ## - PUBLICATION, DISTRIBUTION, ETC. (IMPRINT)
Place of publication, distribution, etc Tamil Nadu
Name of publisher, distributor, etc Saras Publication
Date of publication, distribution, etc 2014
270 ## - ADDRESS
Address 114/35G A.R.P Camp Road Periavillai, Kottar,P.O Nagercoil, Kanyakumari Dist
City Tamil Nadu
Postal code 629002
Telephone number 04652265026
-- 9842123441
Fax number 04652265099
Electronic mail address info@saraspublication.com
300 ## - PHYSICAL DESCRIPTION
Extent 214p.
Dimensions 24cm(pbk)
700 ## - ADDED ENTRY--PERSONAL NAME
Personal name Kumaresan, V.
Relator term Author
9 (RLIN) 59276
700 ## - ADDED ENTRY--PERSONAL NAME
Personal name Arumugam , N.
Relator term Author
9 (RLIN) 59277
942 ## - ADDED ENTRY ELEMENTS (KOHA)
Source of classification or shelving scheme Dewey Decimal Classification
Item type English Books
Classification part 581.2
Call number suffix RAG
Holdings
Withdrawn status Lost status Not for loan Collection code Home library Current library Date acquired Source of acquisition Cost, normal purchase price Full call number Barcode Copy number Cost, replacement price Koha item type
      Non-fiction Vinoba Puri Vinoba Puri 30/11/2023 DBAD/PUB 99.00 581.2 RAG EN-122036 1 99.00 English Books

© Delhi Public Library
Hit Counter
free hit counter